[Event "Gulf Coast op"]
[Site "Estero"]
[Date "2023.10.15"]
[Round "5"]
[White "Chakrabarti, Brejesh"]
[Black "Harrison, Joshua Alan"]
[Result "1-0"]
[WhiteElo "2238"]
[BlackElo "1929"]
[PlyCount "42"]
[EventDate "2023.10.13"]
[EventType "swiss"]
[EventRounds "5"]
[EventCountry "USA"]
[SourceTitle "Mega2024 Update 01"]
[Source "Chessbase"]
[SourceDate "2023.11.12"]
[SourceVersion "1"]
[SourceVersionDate "2023.11.12"]
[SourceQuality "1"]

1. Nf3 Nf6 2. g3 d5 3. Bg2 Bf5 4. 0-0 Qc8 5. c4 c6 6. d4 Bh3 7. Bxh3 Qxh3 8. cxd5 Nxd5 9. e4 Nf6 10. Nc3 Qd7 11. Ne5 Qc8 12. d5 Nbd7 13. Bf4 Nxe5 14. Bxe5 Ng4 15. Bf4 e5 16. Bd2 Be7 17. Rc1 Qd7 18. Qe2 0-0 19. Rfd1 Rad8 20. dxc6 bxc6 21. Bg5 Qc7 1-0

[Event "Charlotte Masters 3rd"]
[Site "Charlotte"]
[Date "2021.07.16"]
[Round "1"]
[White "Wang, Tianqi"]
[Black "Chakrabarti, Brejesh"]
[Result "1-0"]
[WhiteElo "2336"]
[BlackElo "1909"]
[PlyCount "137"]
[EventDate "2021.07.16"]
[EventType "swiss"]
[EventRounds "5"]
[EventCountry "USA"]
[SourceTitle "CBM 203 Extra"]
[Source "ChessBase"]
[SourceDate "2021.09.30"]
[SourceVersion "1"]
[SourceVersionDate "2021.09.30"]
[SourceQuality "1"]

1. Nf3 Nf6 2. c4 c6 3. b3 d5 4. Bb2 Bg4 5. d3 e6 6. Nbd2 Be7 7. g3 0-0 8. Bg2 c5 9. h3 Bh5 10. cxd5 exd5 11. Rc1 Nbd7 12. 0-0 Rc8 13. Qc2 Re8 14. Rfe1 d4 15. g4 Bg6 16. Nh4 Qc7 17. Nxg6 hxg6 18. Bxd4 Qb8 19. Ba1 Nb6 20. Nc4 Nxc4 21. Qxc4 Bd6 22. e3 b6 23. Red1 Rcd8 24. Qa6 Bh2+ 25. Kh1 Be5 26. Bxe5 Rxe5 27. d4 cxd4 28. Rxd4 Rxd4 29. Rc8+ Qxc8 30. Qxc8+ Re8 31. Qa6 Rd1+ 32. Kh2 Re7 33. Kg3 Rc1 34. Bf3 Rcc7 35. Qa4 Nd7 36. b4 Nf6 37. b5 Nd7 38. Qd4 Nc5 39. Bc6 Ne6 40. Qd6 Kh7 41. h4 Kg8 42. f4 Kh7 43. Kf3 Nc5 44. h5 gxh5 45. gxh5 Ne6 46. a4 Kg8 47. e4 Kh7 48. e5 Kg8 49. Kg4 Nc5 50. Qd8+ Kh7 51. a5 bxa5 52. Qd5 Nd7 53. Qd6 f6 54. Kg3 Nf8 55. exf6 gxf6 56. Qxf6 Rg7+ 57. Kf3 Rcf7 58. Be4+ Kh8 59. Qa1 Kg8 60. Bd5 Nd7 61. h6 Rh7 62. Qa2 a4 63. Qxa4 Nb6 64. Qa5 Kf8 65. Bxf7 Rxf7 66. Qa1 Kg8 67. Qb1 Rf6 68. Qg1+ Kf7 69. h7 1-0